Vista normal
Vista MARC
Entrada Personal Name
Número de registros utilizados en: 1
001 - CONTROL NUMBER
- control field: 17250
003 - CONTROL NUMBER IDENTIFIER
- control field: DLC
005 - DATE AND TIME OF LATEST TRANSACTION
- control field: 20250624132417.0
008 - FIXED-LENGTH DATA ELEMENTS
- fixed length control field: 250311n| azannaabn |a aaa c
010 ## - LIBRARY OF CONGRESS CONTROL NUMBER
- LC control number: no2025029861
024 7# - OTHER STANDARD IDENTIFIER
- Standard number or code: 0000-0002-2401-6141
- Source of number or code: orcid
035 ## - SYSTEM CONTROL NUMBER
- System control number: (OCoLC)oca16742542
040 ## - CATALOGING SOURCE
- Original cataloging agency: CSt-Law
- Language of cataloging: spa
- Description conventions: rda
- Transcribing agency: Mx-PuUPA
- Modifying agency: Mx-PuUPA
100 1# - HEADING--PERSONAL NAME
- Personal name: Herrera Fragoso, Agustín A.,
- Fuller form of name: (Agustín Antonio)
373 ## - ASSOCIATED GROUP
- Associated group: UNESCO Cátedra de Bioética y Derechos Humanos
- Source of term: naf
373 ## - ASSOCIATED GROUP
- Associated group: Instituto de Ciencias Jurídicas de Puebla
- Source of term: naf
374 ## - OCCUPATION
- Occupation: Autor
375 ## - GENDER
- Gender: hombre
377 ## - ASSOCIATED LANGUAGE
- Language code: spa
378 ## - FULLER FORM OF PERSONAL NAME
- Fuller form of personal name: Agustín Antonio
400 1# - SEE FROM TRACING--PERSONAL NAME
- Personal name: Fragoso, Agustín A. Herrera
- Fuller form of name: (Agustín Antonio Herrera)
400 1# - SEE FROM TRACING--PERSONAL NAME
- Personal name: Herrera, Agustín A.
- Fuller form of name: (Agustín Antonio)
670 ## - SOURCE DATA FOUND
- Source citation: Derechos humanos, 2022- :
- Information found: title page, tomo 1 (Agustín A. Herrera Fragoso) page 44 (Agustín Antonio Herrera Fragoso; research scholar, UNESCO Chair in Bioethics and Human Rights, Rome, Italy; investigator, Investigaciones Jurídicas de Puebla A.C.; invitational investigator, Centro de Bioética de la UPAEP; associate investigator, facultad de Bioética, U. Anáhuac, México)
670 ## - SOURCE DATA FOUND
- Source citation: Orcid, viewed March 11, 2025
- Information found: (Augustin Antonio Herrara Fragoso; Agustin Herrera; Instituto de Ciencias Jurídicas de Puebla)